Kraje, które kwalifikowały się do Eurowizji, ale tego nie zrobiły - Statystyki

Ogólne statystyki
  • Ten quiz został rozwiązany 56 razy
  • Średni wynik to 7 z 12
Statystyki odpowiedzi
Kontynent Państwo % Poprawnych
Europa i Azja Kazachstan
83%
Afryka Egipt
80%
Europa Watykan
75%
Europa Kosowo
73%
Europa Liechtenstein
73%
Afryka Algieria
68%
Azja Liban
65%
Afryka Tunezja
65%
Afryka Libia
63%
Azja Jordania
43%
Azja Katar
23%
Europa Czechosłowacja
8%
Nie znaleziono quizów pasujących do podanych kryteriów
Rozkład punktacji
Procent ludzi z każdym wynikiem
Percentyl według liczby udzielonych odpowiedzi
Twoja historia wyników
Nie rozwiązałeś tego quizu